00555nam a2200133Ia 4500008004100000100002800041245013400069260003900203300001200242650001500254856006000269999001900329952007300348160712s9999 xx 000 0 und d aCapistrano, Erik Paolo. cErik Paolo CapistranoaInvestigating Product Involvement Issues for Mobile Phone Services: A Study of Filipino Mobile Phone Users c2013bPhilippine Management Review avol. 20 xMANAGEMENT uhttp://journals.upd.edu.ph/index.php/pmr/issue/view/378 c297330d297330 001040aCLbCLd2016-07-12l0r2016-07-12 00:00:00w2016-07-12yFEJ